♫ "Three-Thirty" - Lyrics - AJR ♫ - Statistics

General Stats
  • This quiz has been taken 60 times
  • The average score is 165 of 251
Answer Stats
Lyric % Correct
a
96%
and
96%
And
96%
I
96%
the
93%
but
89%
But
89%
so
89%
So
89%
be
85%
If
85%
if
85%
I'm
85%
That
85%
Then
85%
three
85%
my
81%
that's
81%
they
81%
thirty
81%
we
81%
We
81%
it
78%
rappers,
78%
think
78%
with
78%
You
78%
you
78%
could
74%
easy
74%
get
74%
got
74%
me
74%
mouth
74%
Never
74%
never
74%
song
74%
start
74%
'Cause
70%
doubtful
70%
fast
70%
full
70%
lyrics
70%
out,
70%
slow
70%
these
70%
Yeah
70%
are
67%
believe
67%
Ed
67%
In
67%
in
67%
laughing,
67%
Listen
67%
minutes
67%
mouthful
67%
much
67%
rapping
67%
say
67%
sing
67%
thinking
67%
to
67%
wanna
67%
won't
67%
all
63%
don't
63%
ever
63%
fit
63%
oh
63%
seconds
63%
spoken
63%
aching
59%
after
59%
before
59%
for
59%
heart
59%
human
59%
long
59%
skip
59%
started
59%
stay
59%
They'd
59%
on
56%
Quick,
56%
Someone
56%
attention
52%
helpless
52%
how
52%
no
52%
selfless
52%
this
52%
without
52%
told
48%
whole
48%
am
44%
there
44%
your
44%
clock
41%
nervous,
41%
supposed
41%
ticks
41%
about
37%
charts
37%
donate
37%
headphones
37%
I'll
37%
it's
37%
one's
37%
people
37%
press
37%
Sheeran
37%
stressing
37%
top
37%
writes
37%
does
33%
finally
33%
just
33%
lesson
33%
paying
33%
thing
33%
three-thirty
33%
voice
33%
Wealthy
33%
ADHD
30%
had
30%
real
30%
thought
30%
Will
30%
wordy
30%
lazy
26%
record
26%
their
26%
keep
22%
learned
19%
No matching quizzes found
Score Distribution
Percent of People with Each Score
Percentile by Number Answered
Your Score History
You have not taken this quiz